Importance of Institutions for good governance: From here to Denmark (Record no. 531398)
[ view plain ]
| 000 -LEADER | |
|---|---|
| fixed length control field | 00768nam a22001337a 4500 |
| 008 - FIXED-LENGTH DATA ELEMENTS--GENERAL INFORMATION | |
| fixed length control field | 250826b ||||| |||| 00| 0 eng d |
| 100 ## - MAIN ENTRY--PERSONAL NAME | |
| Personal name | Nag, Rajat M. |
| 245 ## - TITLE STATEMENT | |
| Title | Importance of Institutions for good governance: From here to Denmark |
| 260 ## - PUBLICATION, DISTRIBUTION, ETC. (IMPRINT) | |
| Place of publication, distribution, etc | The Journal of Governance |
| 300 ## - PHYSICAL DESCRIPTION | |
| Extent | 30, Jul, 2025: p. 14-25 |
| 520 ## - SUMMARY, ETC. | |
| Summary, etc | Nether neither ‘here’ nor ‘Denmark refer to any actual places themselves. ‘Here is hypothetical construct of a place where governance is poor, the rule of law is not respected, and justice is delayed and often demined. People ‘here’ suffer from serious ‘unfreedoms’, a la Sen. lack of freedom from want, from violence, from injustice. – Reproduced |
| 773 ## - HOST ITEM ENTRY | |
| Main entry heading | The Journal of Governance |
| 942 ## - ADDED ENTRY ELEMENTS (KOHA) | |
| Item type | Articles |
| Withdrawn status | Lost status | Source of classification or shelving scheme | Damaged status | Not for loan | Permanent location | Current location | Date acquired | Serial Enumeration / chronology | Barcode | Date last seen | Koha item type |
|---|---|---|---|---|---|---|---|---|---|---|---|
| Indian Institute of Public Administration | Indian Institute of Public Administration | 2025-08-26 | 30, Jul, 2025: p. 14-25 | AR137046 | 2025-08-26 | Articles |
